000
00276nam a2200097Ia 4500
001
983172
005
20251230104811.0
008
250824s9999 xx 000 0 und d
245
0
_a
ÇOCUKLAR İÇİN SHERLOCK HOLMES - EMEKLEYEN ADAM
_c
SİR ARTHUR CONAN DOYLE
260
_b
Ren Kitap
999
_c
983172
_d
983172